| 000 | 00347nam a2200121Ia 4500 | ||
|---|---|---|---|
| 999 |
_c9765 _d9765 |
||
| 008 | 220112s9999||||xx |||||||||||||| ||und|| | ||
| 020 | _a9789812453921 | ||
| 082 |
_222 _a747.4 _bEMM |
||
| 100 | _a Callery, Emma | ||
| 245 | 0 | _a1001 ideas for floors : the ultimate sourcebook : flooring solutions for every room | |
| 260 | _bEmma Callery | ||
| 942 | _2ddc | ||